书目信息 |
| 题名: |
水文学的概率统计基础
|
|
| 作者: | ;华东水利学院 编 | |
| 分册: | ||
| 出版信息: | 北京 水利出版社 1981 |
|
| 页数: | 461页 | |
| 开本: | 25cm | |
| 丛书名: | ||
| 单 册: | ||
| 中图分类: | P333.6 | |
| 科图分类: | ||
| 主题词: | 水文统计学 | |
| 电子资源: | ||
| ISBN: | ||
| 000 | 00627nam0 2200229 45 | |
| 001 | 0181004921 | |
| 005 | 20060809173951.56 | |
| 010 | @dCNY3.00 | |
| 091 | @a15047.4121 | |
| 100 | @a19950727d1981 em y0chiy0121 ea | |
| 101 | 0 | @achi |
| 102 | @aCN@b110000 | |
| 105 | @ay z 000yy | |
| 200 | 10 | @a水文学的概率统计基础@Ashui wen xue de gai lu tong ji ji chu@f华东水利学院主编 |
| 210 | @a北京@c水利出版社@d1981 | |
| 215 | @a461页@d25cm | |
| 606 | @a水文统计学 | |
| 690 | @aP333.6@v3 | |
| 711 | 02 | @a华东水利学院@Ahua dong shui li xue yuan@4编 |
| 801 | 2 | @aCN@bNLC@c20060809 |
| 801 | 0 | @aCN@bTSSF |
| 905 | @a10447@dP333.6@e72 | |
| 水文学的概率统计基础/华东水利学院主编.-北京:水利出版社,1981 |
| 461页;25cm |
| ISBN :CNY3.00 |
| ● |
| 相关链接 |
|
|
|
|
正题名:水文学的概率统计基础
索取号:P333.6/72
 
预约/预借
| 序号 | 登录号 | 条形码 | 馆藏地/架位号 | 状态 | 备注 |
| 1 | 0452002 | 204520027 | 密集书库/ [索取号:P333.6/72] | 在馆 |